| 000 | 00362nam a22001577a 4500 | ||
|---|---|---|---|
| 003 | SGT | ||
| 020 | _a9781416045748 | ||
| 082 |
_a612 _bG11H |
||
| 100 | _aHALL, JOHN E. | ||
| 245 | _aGUYTON & HALL TB. OF MEDICAL PHYSIOLOGY | ||
| 250 | _a12TH | ||
| 260 |
_aPHYLADELPHIA _bELSEVIER PUB _c2011 |
||
| 300 | _a1091 | ||
| 650 | _aHUMAN PHYSIOLOGY | ||
| 942 |
_2ddc _cBK |
||
| 999 |
_c32728 _d32728 |
||